000 00446nam a2200181Ia 4500
001 11921
005 20260306162903.0
008 260306t2024||||xx |||||||||||||| ||spa||
041 _aESP
082 _aHR 324.6
_bENE-JUN 2024 RE
110 _aOficina Nacional de Procesos Electorales
245 0 _aRevista Elecciones
260 _c2024
300 _a360 páginas :
_c24 cm.
650 _aGEN
654 _aCDE
942 _cREV
_dJUS
_fJUS
_2ddc
_n
999 _c11921
_d11921